000 00372nam a2200145Ia 4500
008 231129s2003||||xx |||||||||||||| ||spa||
020 _a958-97146-3-3
040 _bspa
082 _aM863 V759LL
100 _aVilloro Juan
245 0 _aLlamadas de Amsterdam
260 _c2003
264 _aEdiciones Brevedad
942 _2ddc
_cBKS
999 _c19353
_d19353